| 000 | 01211nam a22001337a 4500 | ||
|---|---|---|---|
| 999 |
_c533799 _d533799 |
||
| 008 | 260624b ||||| |||| 00| 0 eng d | ||
| 100 |
_aSingh, Asha and Donald, Nidhin _961327 |
||
| 245 | _aCaste as a perilous promise? : Thinking with and beyond the Bihar caste survey/Census | ||
| 260 | _aEconomic & Political Weekly | ||
| 300 | _a61(23), Jun 6, 2026: p.65-74 | ||
| 520 | _aNotwithstanding its serious gender blindness and other limitations, the Bihar caste survey report achieves two seemingly contradictory feats: one, it vindicates caste as a socially-intelligible category in Bihar, which captures certain aspects of under-representation and maldistribution; two, it questions the analytical and political purchase of caste and caste-funnelled governance by exposing the massive substratum of the Bihari “underclass” across castes. The survey alludes to the fact that caste does not stand by itself. Its workings are visible within the complex folds of material conditions. In other words, it brings out the tenacious “class character of caste.”- Reproduced https://www.epw.in/journal/special-articles/caste-perilous-promise.html | ||
| 773 | _aEconomic & Political Weekly | ||
| 942 | _cAR | ||